Handball-Bundesligasieger Sudden Death - Statistiken

Allgemein
  • Dieses Quiz wurde 1.128 mal gespielt
    521 seit der letzten Aktualisierung
  • Das Durchschnittsergebnis liegt bei 7 aus 13
Answers on the Grid
Answers color-coded by a green-red scale on the quiz's grid according to % correct below.
THW Kiel
HSG Ahlen-Hamm
Eulen Ludwigshafen
Wilhelmshavener HV
TBV Lemgo
VfL Gummersbach
HC Erlangen
Bergischer HC
VfL Lübeck-Schwartau
Frisch Auf Göppingen
VfL Günzburg
TV Großwallstadt
TSV Hannover-Burgdorf
TV Hüttenberg
TUSEM Essen
SG BBM Bietigheim
1. VfL Potsdam
HSV Hamburg
Rhein-Neckar Löwen
HSG Düsseldorf
SC Magdeburg
ThSV Eisenach
TuS N-Lübbecke
SG Flensburg-Handewitt
GWD Minden
HT Melsungen
Füchse Berlin
SG Wallau/Massenheim
 
Antwortstatistiken
Antwort % Korrekt
THW Kiel
98%
VfL Gummersbach
74%
SC Magdeburg
68%
Füchse Berlin
67%
SG Flensburg-Handewitt
62%
Rhein-Neckar Löwen
59%
TBV Lemgo
58%
HSV Hamburg
48%
TV Großwallstadt
39%
Frisch Auf Göppingen
33%
TUSEM Essen
33%
SG Wallau/Massenheim
24%
GWD Minden
21%
Keine übereinstimmenden Quizze gefunden
Verteilung der Resultate
Anzahl Personen mit jedem Resultat
Perzentil nach korrekt beantworteten Fragen
Ihre Resultats-Entwicklung
Sie haben dieses Quiz seit der letzten Aktualisierung nicht gespielt